Mycobacterial heat shock protein 65 enhances tumor immunogenecity and display adjuvant properties /
Saved in:
| Main Author: | |
|---|---|
| Format: | Thesis Book |
| Language: | English |
| Published: |
2000.
|
| Tags: |
Add Tag
No Tags, Be the first to tag this record!
|
| LEADER | 00800cam a2200193 a 4500 | ||
|---|---|---|---|
| 001 | u708456 | ||
| 003 | SIRSI | ||
| 008 | 050623s2000 si a v 000 0 eng m | ||
| 040 | |a UMP | ||
| 096 | |a QU4 |b NUS 2000 Tan | ||
| 100 | 1 | 0 | |a Tan, Boon Huei. |
| 245 | 1 | 0 | |a Mycobacterial heat shock protein 65 enhances tumor immunogenecity and display adjuvant properties / |c Tan Boon Huei. |
| 260 | |c 2000. | ||
| 300 | |a x, 75 leaves : |b ill. (some col.); |c 30 cm. | ||
| 502 | |a Dissertation (M.Sc.) -- Department of Biochemistry, Faculty of Medicine, National University of Singapore, 2000. | ||
| 504 | |a Bibliography: leaves 62-71. | ||
| 710 | 2 | 0 | |a National University of Singapore. |b Dept. of Biochemistry |
| 596 | |a 2 | ||
| 999 | |a QU4 NUS 2000 TAN |w NLM |c 1 |i A503638853 |d 23/1/2007 |f 23/1/2007 |g 1 |l TESIS |m P02MEDKL |r Y |s Y |t TESIS |u 23/1/2007 | ||
